000 00496nam a2200169Ia 4500
003 GCL
008 140319s9999 xx 000 0 ara d
040 _aGCL /
_cGCL
082 0 4 _a801.95
_bم ر
100 1 _aمحمد زكى العشماوى
245 1 0 _aالرؤية المعاصرة فى الادب والنقد /
_cمحمد زكى العشماوى
300 _a238 ص
490 _a
650 0 4 _aالادب العربى
650 0 4 _aالادب - تاريخ ونقد
942 _2ddc
_cBK
999 _c45427
_d45427